Inglés para españoles (Record no. 122101)

MARC details
000 -LEADER
campo de control de longitud fija 00560nam a2200181 4500
001 - NÚMERO DE CONTROL
campo de control 122101
003 - IDENTIFICADOR DE NÚMERO DE CONTROL
campo de control ES-MaACL
007 - CAMPO FIJO DE DESCRIPCIÓN FÍSICA--INFORMACIÓN GENERAL
campo de control de longitud fija t|
008 - DATOS DE LONGITUD FIJA--INFORMACIÓN GENERAL
campo de control de longitud fija 070214s1951 sp r ||||1| spa d
100 1# - ENTRADA PRINCIPAL--NOMBRE DE PERSONA
Nombre de persona Potter, Basil.
9 (RLIN) 93392
245 10 - MENCIÓN DEL TÍTULO
Título Inglés para españoles
Resto del título : cursos elemental y medio /
Mención de responsabilidad, etc. Basil Potter ; prólogo de Walter Starkie.
250 ## - MENCION DE EDICION
Mención de edición 4ª. ed.
260 ## - PUBLICACIÓN, DISTRIBUCIÓN, ETC.
Lugar de publicación, distribución, etc. Barcelona :
Nombre del editor, distribuidor, etc. Juventud,
Fecha de publicación, distribución, etc. 1951.
300 ## - DESCRIPCIÓN FÍSICA
Extensión 2 v. :
Otras características físicas il. ;
Dimensiones 22 cm.
700 1# - ENTRADA AGREGADA--NOMBRE PERSONAL
Nombre de persona Starkie, Walter,
Fechas asociadas al nombre 1894-1976
9 (RLIN) 107933
852 ## - LOCALIZACIÓN
Ubicación ES-MaACL
Número de control de estantería E-1570-1
Sublocalización o colección R.34772
Holdings
Estatus retirado Estado de pérdida Estado de daño No para préstamo Biblioteca de origen Biblioteca actual Ubicación en estantería Fecha de adquisición Fuente de adquisición Total de préstamos Signatura topográfica completa Código de barras Visto por última vez Precio de reemplazo Tipo de ítem Koha
        Biblioteca del Ateneo de Madrid Biblioteca del Ateneo de Madrid Depósito 2 17/01/2008     E-1570-1 1127242 23/02/2023 23/02/2023 Libro impreso